Stolice w Europie po widoku satelitarnym - Statystyki

Ogólne statystyki
  • Ten quiz został rozwiązany 24 razy
  • Średni wynik to 12 z 18
Statystyki odpowiedzi
Obrazkowy Odpowiedź % Poprawnych
Londyn
95%
Rzym
90%
Warszawa
86%
Amsterdam
81%
Berlin
76%
Paryż
76%
Budapeszt
71%
Lizbona
71%
Madryt
67%
Kopenhaga
62%
Oslo
62%
Praga
57%
Wiedeń
57%
Ateny
52%
Berno
48%
Bukareszt
43%
Bruksela
33%
Wilno
33%
Nie znaleziono quizów pasujących do podanych kryteriów
Rozkład punktacji
Procent ludzi z każdym wynikiem
Percentyl według liczby udzielonych odpowiedzi
Twoja historia wyników
Nie rozwiązałeś tego quizu